<?xml version="1.0" encoding="UTF-8"?>
<record
    xmlns:xsi="http://www.w3.org/2001/XMLSchema-instance"
    xsi:schemaLocation="http://www.loc.gov/MARC21/slim http://www.loc.gov/standards/marcxml/schema/MARC21slim.xsd"
    xmlns="http://www.loc.gov/MARC21/slim">

  <leader>02901nam a2200289 i 4500</leader>
  <controlfield tag="003">DO-SdBNP</controlfield>
  <controlfield tag="005">20260305074000.0</controlfield>
  <controlfield tag="006">a||||gr|||| 00| 0 </controlfield>
  <controlfield tag="007">ta</controlfield>
  <controlfield tag="008">230926e2014    dr abc|| |||| 00| e spa d</controlfield>
  <datafield tag="020" ind1=" " ind2=" ">
    <subfield code="a">9789945008180</subfield>
  </datafield>
  <datafield tag="040" ind1=" " ind2=" ">
    <subfield code="a">DO-SdBNP</subfield>
    <subfield code="b">spa</subfield>
    <subfield code="c">BNPHU</subfield>
    <subfield code="e">rda</subfield>
  </datafield>
  <datafield tag="082" ind1=" " ind2="4">
    <subfield code="2">22</subfield>
    <subfield code="b">G377m</subfield>
  </datafield>
  <datafield tag="100" ind1="1" ind2=" ">
    <subfield code="a">Ger&#xF3;n, Candido,</subfield>
    <subfield code="d">1948-</subfield>
    <subfield code="e">autor</subfield>
    <subfield code="9">3577</subfield>
  </datafield>
  <datafield tag="245" ind1="1" ind2="0">
    <subfield code="a">Las milicias en Santo Domingo (19779 - 2013):</subfield>
    <subfield code="b">espionaje e inteligencia militar a partir de 1822 /</subfield>
    <subfield code="c">C&#xE1;ndido Ger&#xF3;n</subfield>
  </datafield>
  <datafield tag="264" ind1=" " ind2="1">
    <subfield code="a">Santo Domingo :</subfield>
    <subfield code="b">Centenario,</subfield>
    <subfield code="c">2014</subfield>
  </datafield>
  <datafield tag="300" ind1=" " ind2=" ">
    <subfield code="a">974 p&#xE1;ginas :</subfield>
    <subfield code="b">Ilustraciones, mapas, retratos ;</subfield>
    <subfield code="c">23 cm.</subfield>
  </datafield>
  <datafield tag="336" ind1=" " ind2=" ">
    <subfield code="2">rdacontent</subfield>
    <subfield code="a">texto</subfield>
    <subfield code="b">txt</subfield>
  </datafield>
  <datafield tag="337" ind1=" " ind2=" ">
    <subfield code="2">rdamedia</subfield>
    <subfield code="a">sin mediaci&#xF3;n</subfield>
    <subfield code="b">n</subfield>
  </datafield>
  <datafield tag="338" ind1=" " ind2=" ">
    <subfield code="2">rdacarrier</subfield>
    <subfield code="a">volumen</subfield>
    <subfield code="b">nc</subfield>
  </datafield>
  <datafield tag="500" ind1=" " ind2=" ">
    <subfield code="a">Incluye datos biogr&#xE1;ficos del autor en las solapas de las cubiertas.</subfield>
  </datafield>
  <datafield tag="500" ind1=" " ind2=" ">
    <subfield code="a">Incluye bibliograf&#xED;a y notas al pie de p&#xE1;ginas.</subfield>
  </datafield>
  <datafield tag="500" ind1=" " ind2=" ">
    <subfield code="a">Incluye &#xED;ndice onom&#xE1;stico.</subfield>
  </datafield>
  <datafield tag="505" ind1=" " ind2=" ">
    <subfield code="a">Pr&#xF3;logo.-- Introducci&#xF3;n.</subfield>
    <subfield code="t">Cap&#xED;tulo I.</subfield>
    <subfield code="t">Marco hist&#xF3;rico de los primeros Estados .-- Las primeras guerras.-- El choque de civilizaciones.-- la influencia de las religiones.</subfield>
    <subfield code="g">Cap&#xED;tulo II.</subfield>
    <subfield code="t">Milicias espa&#xF1;olas y francesas en la Era Colonial.--</subfield>
    <subfield code="g">Cap&#xED;tulo III.</subfield>
    <subfield code="t">Las Batallas m&#xE1;s importantes realizadas desde el inicio de la Independencia Nacional, y llevadas a cabo por la Guardia Republicana y/o Ej&#xE9;rcito Nacional.--</subfield>
    <subfield code="g">Cap&#xED;tulo IV (a).</subfield>
    <subfield code="t">Tratado de Basilea (1795).-- Invasi&#xF3;n de Boyer.-- El papel del General Juan S&#xE1;nchez Ram&#xED;rez.-- Independencia Nacional.-- La guerra de restauraci&#xF3;n y la segunda rep&#xFA;blica.-- Los efectos de la intervenci&#xF3;n norteamericana.-- Desmantelamiento y formaci&#xF3;n de la Guardia y la Polic&#xED;a Nacional.-- </subfield>
    <subfield code="g">Cap&#xED;tulo V.</subfield>
    <subfield code="t">La Guerra de Restauraci&#xF3;n (1861 - 1986).-- Nombramientos de  Ministerios de Guerra y otros oficiales durante los gobiernos provisionales y por los jefes de expedici&#xF3;n en la Guerra de la Restauraci&#xF3;n, desde el 24 de octubre de 1863 hasta el 1 de agosto de 1865.-- Trascendencia de M&#xE1;ximo G&#xF3;mez y B&#xE1;ez y otros pr&#xF3;ceres y generales.-- Guerras civiles que diezmaron la poblaci&#xF3;n de la Rep&#xFA;blica Dominicana desde la fundaci&#xF3;n de la Rep&#xFA;blica hasta la Intervenci&#xF3;n Norteamericana.-- La inteligencia militar a partir del siglo XVIII.-- </subfield>
    <subfield code="t">La Intervenci&#xF3;n Norteamericana (1916-1924).-- La Guardia republicana.-- Creaci&#xF3;n de la Guerra y la Polic&#xED;a Nacional durante la ocupaci&#xF3;n norteamericana.-- La inteligencia militar en la dictadura de Trujillo.-- La inteligencia militar en la dictadura de Trujillo y per&#xED;odos subsiguientes.-- Historia de la Polic&#xED;a Nacional 1844-2012.-- Breve Historia de la Marina de Guerra y/o Marina Nacional.-- Creaci&#xF3;n del Ej&#xE9;rcito Nacional.-- Fundaci&#xF3;n de Aviaci&#xF3;n Militar Dominicana.-- Estructura del espionaje telef&#xF3;nico en la Rep&#xFA;blica Dominicana en la era digital.--</subfield>
    <subfield code="t">&#xCD;ndice onom&#xE1;stico.</subfield>
  </datafield>
  <datafield tag="590" ind1=" " ind2=" ">
    <subfield code="a">Inventariado 2023 / MF</subfield>
  </datafield>
  <datafield tag="942" ind1=" " ind2=" ">
    <subfield code="2">ddc</subfield>
    <subfield code="c">LBS1</subfield>
  </datafield>
  <datafield tag="952" ind1=" " ind2=" ">
    <subfield code="0">0</subfield>
    <subfield code="1">0</subfield>
    <subfield code="2">ddc</subfield>
    <subfield code="5">1</subfield>
    <subfield code="7">0</subfield>
    <subfield code="8">PD</subfield>
    <subfield code="a">BNPHU</subfield>
    <subfield code="b">BNPHU</subfield>
    <subfield code="c">CT</subfield>
    <subfield code="d">2022-05-19</subfield>
    <subfield code="e">Donado por Ubi Rivas</subfield>
    <subfield code="l">0</subfield>
    <subfield code="o">G377m</subfield>
    <subfield code="p">2023-6435</subfield>
    <subfield code="r">2023-09-26</subfield>
    <subfield code="w">2023-09-26</subfield>
    <subfield code="y">LBS1</subfield>
    <subfield code="z">Ejemplar autografiado por el autor</subfield>
  </datafield>
  <datafield tag="999" ind1=" " ind2=" ">
    <subfield code="c">54952</subfield>
    <subfield code="d">54952</subfield>
  </datafield>
</record>
